Score 0/18 Timer 02:00
0 Plays Today
Hint 4-Letter Word % Correct
Clock noise, tick ____TOCK
98.7%
Where people keep moneyBANK
96.3%
Go out with a ___💥 BANG! 💥
96.2%
Something to check out from a libraryBOOK
96.1%
Foot covering💥 SOCK! 💥
96%
Armored vehicleTANK
94.6%
Heat raw food for consumptionCOOK
94.1%
Hoof sound, clip ____CLOP
93.2%
Hit your head💥 BONK! 💥
93.1%
Hint 4-Letter Word % Correct
Enclosure for chickensCOOP
93%
Show appreciation for a performanceCLAP
92.7%
Orange drink used by NASATANG
92.1%
Try a different ____ (change course)TACK
90.3%
British 'guy'CHAP
85.9%
Palindromic deck on a shipPOOP
83.9%
Heavily sit💥 PLOP! 💥
83.9%
George Michael duo💥 WHAM! 💥
73.2%
Sound of a fly-swatter💥 WHAP! 💥
71.8%

Today's Daily Dose

Remove Ads.
Support Sporcle.
Get the best of Sporcle when you Go Orange. This ad-free experience offers more features, more stats, and more fun while also helping to support Sporcle. Thank you for becoming a member.

You're not logged in!

Compare scores with friends on all Sporcle quizzes.
OR
Log In

Show Comments

Extras

Top Quizzes Today


Score Distribution

Your Account Isn't Verified!

In order to create a playlist on Sporcle, you need to verify the email address you used during registration. Go to your Sporcle Settings to finish the process.

Report this User

Report this user for behavior that violates our Community Guidelines.

Details: